[Event "4NCL Div 1 2018-19"]
[Site "Daventry"]
[Date "2018.11.11"]
[Round "2"]
[White "Howell, David W L"]
[Black "Cooper, Lawrence H"]
[Result "0-1"]
[WhiteElo "2697"]
[BlackElo "2335"]
[Annotator "TA"]
[PlyCount "121"]
[EventDate "2018.11.10"]
[EventType "team-tourn"]
[EventCountry "GBR"]
[SourceTitle "playchess.com"]
[Source "ChessBase"]
[SourceQuality "1"]

{[%evp 33,121,45,54,60,65,69,76,77,62,22,26,22,23,22,22,22,20,20,21,12,22,12,14,12,12,12,12,11,12,9,12,0,15,0,0,0,0,0,14,11,11,0,0,0,35,35,54,35,83,83,83,86,90,86,93,83,347,267,305,83,83,37,52,8,605,576,573,500,2537,2060,2002,1661,29961,29961,1462,1501,29973,29974,29974,29975,29975,29976,29976,29977,29977,29978,29976,29977,29976,29976]} 1. Nf3 d5 2. e3 Nf6 3. c4 c6 4. Nc3 g6 5. d4 Bg7 6. Bd3 O-O 7. O-O dxc4 8. Bxc4 Bg4 9. h3 Bxf3 10. Qxf3 Nbd7 11. Rd1 e5 12. d5 e4 13. Nxe4 Ne5 {D94: Grünfeldindisch (Geschlossenes System)} (13... Nxe4 14. Qxe4 Nb6 15. Rb1 Qd6 16. Bb3 cxd5 17. Qd3 a5 18. a3 Qe6 19. Bd2 Rfc8 20. Be1 Rc5 21. Ba2 Nc4 22. b4 axb4 23. Bxb4 {1-0 (84) Riazantsev,A (2654)-Li,C (2735) Geneva 2017 CBM 180 [Sumets,A]}) 14. Nxf6+ Bxf6 15. Qe2 Nxc4 16. Qxc4 cxd5 17. Rxd5 Qb6 {LiveBook: 10 Partien} 18. Rb5 Qd6 19. e4 $1 Qd1+ 20. Qf1 Qc2 21. e5 a6 $146 22. Rxb7 Bxe5 23. Bh6 Bxb2 24. Qb1 Qxb1+ 25. Rxb1 Bg7 26. Be3 Rfd8 27. g4 Bd4 28. Bg5 Rd5 29. Bh6 Rad8 30. R1b3 Bg7 31. Be3 Bd4 32. Bf4 h5 33. Ra3 hxg4 34. hxg4 Rb5 35. Rc7 Be5 (35... Rb4 {is interesting.} 36. Rf3 Bb6 37. Rc6 Rdd4 38. Rc8+ Rd8) 36. Bxe5 Rxe5 $11 {[%mdl 4096] Endspiel KTT-KTT} 37. Kg2 Rd4 38. Kg3 Rg5 39. f3 a5 40. Ra7 (40. Rb3 {with more complications.} Rd8 41. Rbb7 Rf8 42. Ra7 Re5 43. a4) 40... Kg7 41. R3xa5 Rxa5 42. Rxa5 $16 {KT-KT} Kf6 43. a4 Rb4 44. g5+ Kg7 $2 {[%mdl 8192]} (44... Ke6 $16 {ist eine bessere Verteidigung.} 45. Ra7 Rc4) 45. Kf2 Rb3 46. Rb5 $2 (46. Ra8 $18 {ist viel giftiger.}) 46... Ra3 47. Rb4 f6 $1 48. f4 {[%cal Bf3f4,Bf4g5][%mdl 32]} fxg5 $2 {[%mdl 8192]} (48... Kf7 $11) 49. fxg5 $18 Kf7 {[#]} 50. Re4 $1 Ra2+ (50... Rd3 $142 51. a5 Ra3) 51. Ke3 Ra1 52. Kd3 Rc1 {[#]} 53. Re5 $1 Ra1 54. a5 Ra4 55. Kc3 {Weiß setzt Matt.} Rf4 56. Kb3 Rf1 57. Kb4 Ra1 58. Kb5 Rb1+ 59. Kc6 Ra1 60. Kb6 Rb1+ 61. Rb5 {[%mdl 32768] Precision: Weiß = 56%, Schwarz = 38%. . Loss on Time!?} 0-1

[Event "4NCL Div 1 2018-19"]
[Site "Daventry"]
[Date "2018.11.11"]
[Round "2"]
[White "Edouard, Romain"]
[Black "Collins, Sam E."]
[Result "1-0"]
[WhiteElo "2636"]
[BlackElo "2417"]
[Annotator "TA"]
[PlyCount "69"]
[EventDate "2018.11.10"]
[EventType "team-tourn"]
[EventCountry "GBR"]
[SourceTitle "playchess.com"]
[Source "ChessBase"]
[SourceQuality "1"]

{[%evp 16,68,43,38,76,79,92,79,89,98,108,91,131,107,148,138,133,119,112,116,191,176,178,185,450,440,405,428,647,573,578,577,566,495,504,465,471,471,545,533,526,532,491,467,829,737,1165,1136,1107,1043,29991,29992,29992,29993,29999]} 1. d4 Nf6 2. c4 g6 3. Nc3 Bg7 4. e4 d6 5. Nge2 O-O 6. Ng3 h5 7. Be2 {E70: King's Indian: Miscellaneous lines with 4 e4, including 5 Nge2 and 5 Bd3 0-0 6 Nge2} e5 8. d5 h4 9. Nf1 {LiveBook: 3 Games. White is slightly better.} Na6 (9... Nh7 10. h3 f5 11. Nh2 a5 12. O-O Na6 13. exf5 gxf5 14. f4 e4 15. Be3 Bd7 {0-1 (52) Bologan,V (2610)-Kovalev,V (2650) Poikovsky 2018}) 10. Bg5 h3 11. g4 {[%cal Bg2g4,Bg4g5,Bg5f6][%mdl 32]} Qd7 {[%cal Rf6g4] [#]} 12. Rg1 $1 Nc5 $146 ({Predecessor:} 12... c6 13. Bxf6 Bxf6 14. g5 Be7 {1-0 (29) Picart,L (2117)-Couronne,P (1720) Montigny le Bretonneux 2010}) 13. Qc2 c6 14. Be3 a5 15. O-O-O Qc7 16. g5 Nfd7 17. Bg4 Nb6 (17... a4 $16) 18. Bxc5 $18 dxc5 19. Ne3 f6 $2 (19... a4 20. Qe2 Qb8) 20. d6 Qf7 21. gxf6 Bh6 (21... Qxf6 $142 22. d7 Bxd7 23. Bxd7 Nxd7 24. Rxd7 Rf7) 22. Bh5 Kh8 23. Rxg6 Qh7 24. Qe2 Be6 25. Kb1 Nd7 26. Qf3 Bf4 27. Rg7 Qh6 28. Re7 Bxe3 29. Rxe6 (29. fxe3 Rxf6 30. Qe2 Rg8 $18) 29... Bd4 (29... Bg5 $142 30. Qxh3 Nxf6) 30. Rg1 {[#] aiming for Rg6.} Bxc3 31. Rg6 Qd2 32. Qxc3 ({Wrong is} 32. bxc3 $2 Ra6 $19) 32... Qf4 33. Qxh3 {White mates.} Qxe4+ 34. Ka1 {[%csl Gg6,Gh3][%cal Rh5g4]} Qh1+ 35. Bd1# $1 {Precision: White = 94%, Black = 28%.} 1-0

[Event "4NCL Div 1 2018-19"]
[Site "Daventry"]
[Date "2018.11.11"]
[Round "2"]
[White "Lupulescu, Constantin"]
[Black "Szczepkowska, Karina"]
[Result "1-0"]
[WhiteElo "2601"]
[BlackElo "2404"]
[Annotator "TA"]
[PlyCount "77"]
[EventDate "2018.11.10"]
[EventType "team-tourn"]
[EventCountry "GBR"]
[SourceTitle "playchess.com"]
[Source "ChessBase"]
[SourceQuality "1"]

{[%evp 20,77,31,27,29,33,33,27,46,26,21,9,1,0,0,-15,0,-18,-14,-36,18,37,27,26,37,31,64,56,65,59,153,130,206,158,200,183,167,172,209,217,336,349,368,356,362,352,366,378,354,329,447,422,403,405,563,547,521,506,573,559]} 1. d4 Nf6 2. c4 e6 3. Nf3 Bb4+ 4. Bd2 Qe7 5. g3 Bxd2+ 6. Qxd2 Nc6 {E11: Bogo-Indian} 7. b3 d5 8. Bg2 O-O 9. O-O dxc4 10. bxc4 Rd8 11. Qb2 {LiveBook: 4 Games} Nd7 $146 ({Predecessor:} 11... Qb4 12. Qxb4 Nxb4 13. Nc3 Nc6 14. e3 Bd7 15. Rfc1 {0-1 (69) Inarkiev,E (2694)-Usmanov,V (2459) Sochi 2017}) 12. Nbd2 e5 13. d5 Na5 {[%cal Bc6a5,Ba5b7,Bb7d6][%mdl 32]} 14. Qc3 b6 15. Nb3 Nb7 $1 16. Nfd2 Re8 17. f4 exf4 18. Rxf4 Nd6 19. Nd4 Qe3+ (19... Nc5 $15) 20. Qxe3 $11 Rxe3 21. Nb5 Nxb5 22. cxb5 Bb7 23. Rc1 $1 {[%cal Rc1c7]} Nf6 24. Rxc7 Rxe2 (24... Nxd5 $14 25. Rxb7 Nxf4 26. gxf4 Rxe2) 25. Rd4 $16 (25. Rxb7 $6 Rxd2 26. Rf2 Rd1+ 27. Rf1 Rd2 $11) 25... Rb8 (25... Rxg2+ $16 26. Kxg2 Bxd5+ 27. Kf1 g6) 26. Kf1 $36 {[%mdl 2048] White is on the roll.} Re5 {[%cal Rb7d5]} 27. d6 Bxg2+ 28. Kxg2 {Strongly threatening d7.} Rd8 {[#]} 29. a4 $1 ({Much less strong is} 29. Rxa7 $6 Rxb5 30. Nc4 g6 $14) 29... h5 (29... Nd7 $142 30. h4 (30. Rxa7 Re2+ 31. Kh3 Ne5 $16) 30... f6) 30. Nc4 $18 ({Less strong is} 30. Rxa7 Nd7 $18) 30... Re2+ 31. Kf3 Re6 {If only Black now had time for ...Rd7....} 32. Rxa7 Nd7 33. Re4 Rf6+ 34. Kg2 Nc5 35. Rf4 Rxf4 36. gxf4 g6 37. Rc7 {White is clearly winning.} Nxa4 {[#]} 38. d7 $1 {Hoping for Rc8.} Kf8 39. Ne5 {Precision: White = 72%, Black = 46%.} 1-0

[Event "4NCL Div 1 2018-19"]
[Site "Daventry"]
[Date "2018.11.11"]
[Round "2"]
[White "Gordon, Stephen J"]
[Black "Ris, Robert"]
[Result "0-1"]
[WhiteElo "2544"]
[BlackElo "2450"]
[Annotator "TA"]
[PlyCount "65"]
[EventDate "2018.11.10"]
[EventType "team-tourn"]
[EventCountry "GBR"]
[SourceTitle "playchess.com"]
[Source "ChessBase"]
[SourceQuality "1"]

{[%evp 20,65,16,23,21,0,29,19,31,18,35,0,13,-21,0,-43,0,-14,9,-24,-18,-149,-39,-36,-31,-30,-27,-55,-47,-593,-580,-588,-576,-534,-531,-832,-811,-847,-838,-814,-812,-797,-797,-771,29993,-600,-595,-29975]} 1. Nf3 Nf6 2. c4 e6 {[%cal Be7e6,Be6d5][%mdl 32]} 3. b3 d5 4. Bb2 c5 5. e3 Nc6 6. cxd5 exd5 7. Be2 Bd6 8. O-O O-O 9. d4 cxd4 10. Nxd4 Qe7 {A13: English Opening: 1...e6} 11. Nd2 {LiveBook: 5 Games} Rd8 12. Qc2 $146 ({Predecessor:} 12. N2f3 Bg4 13. Rc1 Rac8 14. h3 Bd7 15. Nxc6 bxc6 16. Qd4 c5 17. Qh4 a5 18. Rfd1 {½-½ (30) Dzindzichashvili,R (2570)-Polugaevsky,L (2600) Tilburg 1985}) 12... Bd7 {The position is equal.} 13. Rad1 Rac8 14. Qb1 Bb8 15. N2f3 Ne4 16. Qa1 Bg4 17. g3 Bh3 18. Rfe1 Re8 19. Bf1 Bg4 20. Rc1 (20. Bg2 $11 {keeps the balance.}) 20... Nxd4 ({Black should play} 20... Qf6 $17 21. Be2 Be5) 21. Nxd4 $15 Qf6 22. f4 Qg6 23. Be2 Bh3 $36 {[%mdl 2048] ( -> ...Nxg3!). White is under pressure.} 24. Bf3 $2 {[%mdl 8192] [#]} (24. Rxc8 $15 Rxc8 25. Bd3) 24... Nxg3 $1 $19 {[%mdl 512]} 25. hxg3 {And now Kf2 would win.} Qxg3+ 26. Kh1 {[#] Hoping for Rg1.} Rxc1 $1 27. Qxc1 {[#] Rg1 is the strong threat.} Bxf4 $1 {[%csl Gf4][%cal Rg3h2][%mdl 512]} 28. Re2 {[#]} (28. exf4 Rxe1+) 28... Bg2+ $1 {[%mdl 512]} 29. Rxg2 Qh3+ 30. Kg1 Bxe3+ 31. Qxe3 Re6 $4 {[%mdl 8192]} (31... Rxe3 $19 32. Be2 g6) 32. Qe5 $4 {[%mdl 8192]} (32. Nxe6 Qxe6 33. Qxe6 fxe6 34. Rxg7+ Kf8 35. Bf6 h6 36. Bg4 b6 37. Bxe6 h5 38. Rg8#) 32... Rxe5 33. Be4 {Precision: White = 15%, Black = 39%.} 0-1

[Event "4NCL Div 1 2018-19"]
[Site "Daventry"]
[Date "2018.11.11"]
[Round "2"]
[White "Plat, Vojtech"]
[Black "Jackson, James P"]
[Result "1-0"]
[WhiteElo "2543"]
[BlackElo "2383"]
[Annotator "TA"]
[PlyCount "65"]
[EventDate "2018.11.10"]
[EventType "team-tourn"]
[EventCountry "GBR"]
[SourceTitle "playchess.com"]
[Source "ChessBase"]
[SourceQuality "1"]

{[%evp 20,64,2,8,7,-47,-42,-45,-38,-40,-34,-78,-81,-128,-128,-239,-272,-195,-230,-202,-135,-157,-17,0,0,0,0,0,300,300,369,377,357,371,602,487,774,719,947,942,945,945,915,918,901,901,29999]} 1. e4 e5 2. Nf3 Nc6 3. d4 exd4 4. Nxd4 Nf6 5. Nxc6 bxc6 6. e5 Qe7 7. Qe2 Nd5 8. c4 Nb6 9. g3 {C45: Scotch Game} g6 10. b3 Bg7 11. f4 {LiveBook: 4 Games. The position is equal.} f6 {[%cal Bf7f6,Bf6e5][%mdl 32]} 12. Ba3 ({White should play} 12. a4 $11) 12... d6 $1 $15 {[%cal Rf6e5]} 13. Bg2 fxe5 {[#]} 14. Bxc6+ $146 {[%mdl 64] [#] Double Attack} ({Predecessor:} 14. Nc3 exf4 15. Bxc6+ Bd7 16. Bxd7+ Kxd7 17. Qxe7+ Kxe7 18. Bb2 Bxc3+ 19. Bxc3 {½-½ (19) Baklan,V (2648)-De Jong,J (2430) Gent 2007}) 14... Bd7 15. Bxd7+ Qxd7 16. Nd2 O-O 17. fxe5 (17. O-O-O $17) 17... Rae8 $19 ({Not} 17... Bxe5 18. O-O-O $15) 18. O-O-O Rxe5 ({Don't do} 18... Bxe5 19. Ne4 $15) 19. Qd3 Ra5 20. b4 Rxa3 (20... Raf5 $17 {Hoping for ...Rf2.} 21. Bb2 a5) 21. Qxa3 $11 Na4 {Strongly threatening ...Bb2+.} 22. Qb3 Nc3 23. Rde1 $1 {[%cal Re1e3]} a5 $2 {[%mdl 8192]} (23... Qg4 $11 {and Black stays safe.}) 24. bxa5 $18 Qg4 {and if ...Ne2+ works, Black does fine.} 25. Rhf1 {And now Rxf8+ would win.} Ne2+ 26. Kb1 Re8 $2 (26... Rd8 27. a6 d5) 27. a6 h6 (27... Qe6 $142 28. a7 Qe5 29. c5+ Kh8) 28. a7 Kh7 29. Qd3 Nc3+ {[#]} 30. Qxc3 $3 {[%mdl 512]} Rxe1+ (30... Bxc3 31. Rxe8) 31. Rxe1 Bxc3 32. a8=Q ({And not} 32. Re7+ Bg7 $15) 32... Bxd2 33. Re7# {Accuracy: White = 53%, Black = 43%.} 1-0

[Event "4NCL Div 1 2018-19"]
[Site "Daventry"]
[Date "2018.11.11"]
[Round "2"]
[White "Turner, Matthew J"]
[Black "Jones, Gawain C B"]
[Result "1/2-1/2"]
[WhiteElo "2536"]
[BlackElo "2683"]
[Annotator "TA"]
[PlyCount "80"]
[EventDate "2018.11.10"]
[EventType "team-tourn"]
[EventCountry "GBR"]
[SourceTitle "playchess.com"]
[Source "ChessBase"]
[SourceQuality "1"]

{[%evp 23,80,21,27,19,19,19,17,0,0,0,0,0,0,0,0,0,0,0,0,0,0,0,0,0,0,0,0,0,0,0,0,0,0,0,0,0,0,0,0,0,0,0,0,0,0,0,0,0,0,0,0,0,0,0,0,0,0,0,0]} 1. d4 Nf6 2. Nf3 g6 3. c4 Bg7 4. g3 c6 5. Bg2 d5 6. cxd5 cxd5 7. Nc3 O-O 8. O-O Nc6 9. Ne5 Bf5 10. Nxc6 bxc6 11. Bf4 Ne4 12. Nxe4 {D79: Fianchetto Grünfeld: Symmetrical Variation (6 0-0 c6 7 cxd5 cxd5)} (12. Na4 Rc8 13. Rc1 Qa5 14. a3 Nd6 15. Bd2 Qd8 16. e3 h5 17. Qe2 Ne4 18. Be1 e5 19. dxe5 Bxe5 {0-1 (34) Gagunashvili,M (2560)-Mamedov,R (2660) Nakhchivan 2014}) 12... Bxe4 {LiveBook: 5 Games} 13. Bxe4 dxe4 {The position is equal.} 14. Rc1 $146 ({Predecessor:} 14. Be3 Rb8 15. Qc2 Qd5 16. Rfd1 Rfd8 17. b3 Rb5 18. Rac1 Rd6 19. Bf4 Re6 {1-0 (33) Medak,B (2404)-Licardo,R (2185) Bol 2014}) 14... Qxd4 15. Qxd4 Bxd4 16. Rxc6 Bxb2 17. Rb1 Bd4 18. Rb4 e5 19. Bg5 f5 20. e3 Bb6 $1 21. Rb5 Rac8 22. Rxc8 Rxc8 23. Rxe5 $11 {[%mdl 4096] Endgame KRB-KRB} Kf8 24. h4 Rc2 {[#]} 25. h5 $1 {[%mdl 512]} Rxa2 (25... gxh5 26. Rxf5+) 26. hxg6 hxg6 27. Re6 Kf7 28. Re7+ Kf8 29. Re6 Rb2 30. Rxg6 Rb5 31. Rd6 a5 32. Bd8 Bxd8 33. Rxd8+ {KR-KR} Ke7 34. Rd4 Rb6 {[#]} 35. g4 $1 {[%mdl 512]} Ra6 (35... fxg4 36. Rxe4+) 36. gxf5 a4 37. Rxe4+ Kf6 {Threatens to win with ...a3.} 38. Rc4 a3 {Hoping for ...a2.} 39. Rc1 $1 Kxf5 {...Ke4 is the strong threat.} (39... a2 $5 40. Ra1 $8 Kxf5 $11) 40. Kf1 a2 {Precision: White = 100%, Black = 77%.} 1/2-1/2

[Event "4NCL Div 1 2018-19"]
[Site "Daventry"]
[Date "2018.11.11"]
[Round "2"]
[White "Fodor, Tamas Jr."]
[Black "Willow, Jonah B"]
[Result "1-0"]
[WhiteElo "2520"]
[BlackElo "2224"]
[Annotator "TA"]
[PlyCount "69"]
[EventDate "2018.11.10"]
[EventType "team-tourn"]
[EventCountry "GBR"]
[SourceTitle "playchess.com"]
[Source "ChessBase"]
[SourceQuality "1"]

{[%evp 16,69,68,79,127,72,75,32,33,27,31,36,38,27,71,58,57,28,56,17,55,63,72,87,92,0,0,0,2,3,20,0,48,32,45,39,48,39,189,186,177,104,218,120,185,181,176,168,395,392,638,636,627,598,633,629]} 1. d4 Nf6 2. Nc3 c5 3. d5 d6 4. e4 a6 5. a4 e6 6. Nf3 {A43: Schmid Benoni} exd5 7. exd5 Bg4 8. h3 Bxf3 9. Qxf3 {LiveBook: 3 Games} Be7 10. Be2 (10. g4 $142) 10... O-O $16 11. O-O Nbd7 12. Bf4 $146 ({Predecessor:} 12. a5) 12... Re8 13. Rfe1 Bf8 14. g4 {[#] Black must now prevent g5.} Ne5 15. Qg3 Ng6 16. Bg5 Be7 17. Bf1 Qd7 18. Bd2 h6 19. f4 Nh7 {[#]} 20. Bd3 (20. g5 $1 $16) 20... Bh4 $11 21. Rxe8+ Rxe8 22. Qf3 Bf6 23. a5 Nhf8 24. Kh1 Qc7 25. Ra4 Nd7 26. Ne4 b5 (26... Bh4 $14) 27. axb6 $1 $18 Nxb6 28. Rxa6 (28. Nxf6+ $18 gxf6 29. Rxa6) 28... Nh4 (28... Bxb2 $16 {keeps fighting.} 29. c4 Qb8) 29. Qf2 ({White should try} 29. Nxf6+ $18 gxf6 30. Qf2 Nxd5 31. Kh2 (31. Qxh4 c4 $16)) 29... Bd4 (29... Bd8 $16) 30. Qxh4 c4 31. Qe1 {Hoping for Nf6+!} Nxd5 $2 (31... Qe7 {is a better defense.} 32. Bf1 (32. c3 cxd3 33. Ra1 Qxe4+ $19) 32... Qxe4+ 33. Qxe4 Rxe4) 32. Bf1 Qb7 $2 (32... Bxb2 33. Ra5 Ne7) 33. Rxd6 {White is clearly winning.} Ne3 34. Rxd4 Nxc2 35. Bg2 {Precision: White = 44%, Black = 27%.} 1-0

[Event "4NCL Div 1 2018-19"]
[Site "Daventry"]
[Date "2018.11.11"]
[Round "2"]
[White "Demuth, Adrien"]
[Black "Franklin, Samuel G A"]
[Result "1/2-1/2"]
[WhiteElo "2519"]
[BlackElo "2316"]
[Annotator "TA"]
[PlyCount "63"]
[EventDate "2018.11.10"]
[EventType "team-tourn"]
[EventCountry "GBR"]
[SourceTitle "playchess.com"]
[Source "ChessBase"]
[SourceQuality "1"]

{[%evp 20,63,39,39,39,37,41,38,30,30,39,35,33,45,42,33,38,25,37,31,35,20,31,29,29,18,18,18,21,18,18,18,22,6,10,0,0,0,0,0,0,0,29,-4,-4,-12]} 1. Nf3 Nf6 2. g3 g6 3. Bg2 Bg7 4. O-O O-O 5. c4 d6 6. Nc3 Nc6 7. d4 Rb8 8. d5 Na5 {E62: King's Indian: Fianchetto: 6...c6 and Panno Variation (6...Nc6) without ...a6} 9. b3 (9. Nd2 c6 10. b4 Nxc4 11. Nxc4 Nxd5 12. Nxd5 Bxa1 13. Nf4 Bg7 14. e4 e5 15. Nd3 Be6 16. Qc2 {½-½ (33) Mamedyarov,S (2747)-Jones,G (2645) Reykjavik 2016}) 9... c5 10. dxc6 Nxc6 11. Bb2 {LiveBook: 3 Games} Ne4 12. Qc1 Nxc3 13. Bxc3 Bxc3 14. Qxc3 Qa5 {[#]} 15. Qc1 $146 ({Predecessor:} 15. Qe3 Qf5 16. Rad1 {1-0 (46) Matamoros Franco,C (2513)-Baules,J (2275) Mallorca 2004}) 15... Bg4 16. Rd1 Bxf3 17. Bxf3 Qe5 18. Qd2 Qf6 19. Rac1 Rfc8 20. Qe3 b6 21. Bxc6 Rxc6 22. Rd5 Kg7 23. Kg2 Rbc8 24. Rcd1 {[%cal Bc1d1,Bd1d4,Bd4a4][%mdl 32]} Rc5 25. h4 h5 26. R1d4 Rxd5 27. cxd5 $11 {KQR-KQR} Rc2 28. Ra4 Rc3 29. Qd2 a5 30. Re4 Rc5 31. Re3 Kf8 32. Rd3 {Precision: White = 59%, Black = 80%.} 1/2-1/2

[Event "4NCL Div 1 2018-19"]
[Site "Daventry"]
[Date "2018.11.11"]
[Round "2"]
[White "Pakleza, Zbigniew"]
[Black "Erdos, Viktor"]
[Result "1/2-1/2"]
[WhiteElo "2508"]
[BlackElo "2604"]
[Annotator "TA"]
[PlyCount "66"]
[EventDate "2018.11.10"]
[EventType "team-tourn"]
[EventCountry "GBR"]
[SourceTitle "playchess.com"]
[Source "ChessBase"]
[SourceQuality "1"]

{[%evp 26,66,14,-8,0,0,0,-30,-20,-24,-17,-24,-27,0,0,0,65,65,65,65,65,65,65,65,65,65,65,60,60,60,60,64,51,64,72,72,72,72,70,65,65,57,65]} 1. d4 {[%cal Bd2d4,Bd4d5][%mdl 32]} Nf6 2. Nf3 g6 3. e3 c5 4. d5 Bg7 5. c4 e6 6. Nc3 d6 7. Be2 O-O 8. O-O exd5 9. cxd5 Bg4 10. Nd2 {E61: King's Indian: Early deviations for White, including Smyslov System} Bxe2 11. Qxe2 Nbd7 12. a4 Re8 $146 ({Predecessor:} 12... Qe7 13. f3 Nh5 14. Nc4 a6 15. Qd1 f5 16. Ra3 Ne5 17. Qb3 Rf7 {0-1 (44) Name,G (2138)-Vescovi,G (2631) Campinas 2011}) 13. a5 a6 14. Nc4 {LiveBook: 3 Games} b5 15. axb6 Nxb6 16. Rd1 Nxc4 17. Qxc4 Qb6 18. h3 Qb4 19. Qe2 Qb7 20. e4 Nxe4 (20... Qb6 $11) 21. Nxe4 $14 Qb4 $1 {[%cal Rb4e4]} 22. Re1 $1 ({Reject} 22. Rxa6 Rxa6 23. Qxa6 Qxe4 $11) 22... f5 {[%cal Re8e4]} 23. Rxa6 Qxe4 ({Not} 23... Rxa6 {[#]} 24. Nf6+ $1 {[%mdl 512]} Bxf6 25. Qxe8+ Kg7 26. Qd7+ Be7 27. Rxe7+ Kh8 28. Re8#) 24. Qxe4 fxe4 25. Rxd6 Red8 26. Rxd8+ Rxd8 27. Rxe4 Rxd5 {[%mdl 4096] [#] Endgame And now ...Rd1+ would win. KRB-KRB} 28. Kf1 Rd1+ 29. Re1 Rd7 30. Be3 Bxb2 31. Bxc5 h5 32. Re4 Kf7 33. Ke2 Bf6 {Precision: White = 55%, Black = 80%.} 1/2-1/2

[Event "4NCL Div 1 2018-19"]
[Site "Daventry"]
[Date "2018.11.11"]
[Round "2"]
[White "Tan, Justin"]
[Black "Palliser, Richard J D"]
[Result "0-1"]
[WhiteElo "2508"]
[BlackElo "2414"]
[Annotator "TA"]
[PlyCount "136"]
[EventDate "2018.11.10"]
[EventType "team-tourn"]
[EventCountry "GBR"]
[SourceTitle "playchess.com"]
[Source "ChessBase"]
[SourceQuality "1"]

{[%evp 15,136,15,36,0,0,0,0,0,18,0,-5,-43,-27,-26,-13,-10,0,-13,-8,-8,0,0,0,-11,-20,-58,-58,-37,0,-20,0,-12,0,0,0,-78,-82,-76,-82,-98,-108,-97,-110,-136,-147,-168,-141,-222,-230,-218,-141,-149,-146,-147,-131,-117,-133,-103,-90,-167,-166,-167,-167,-165,-155,-167,-168,-165,-93,-93,-93,-98,-93,-93,-93,-93,-93,-135,-131,-171,-157,-164,-106,-109,-58,-482,-483,-481,-351,-453,-456,-435,-427,-351,-336,-1010,-779,-778,-111,-112,-112,-112,-112,-221,-221,-632,-600,-1099,-724,-1151,-1035,-29973,-543,-520,0,-29973,-225,-5043,-4943,-29986,-29987,-29987,-29988]} 1. e4 c5 2. Nf3 d6 3. d4 cxd4 4. Nxd4 Nf6 5. Nc3 a6 6. h3 b5 7. g4 {B90: Sicilian Najdorf: Unusual White 6th moves, 6 Be3 Ng4 and 6 Be3 e5} Bb7 8. Bg2 Nc6 {LiveBook: 7 Games} (8... g6 9. Be3 Nbd7 10. O-O e5 11. Nb3 h5 12. g5 Nh7 13. h4 f6 14. f4 exf4 15. Bxf4 {0-1 (41) Antipov,M (2593)-Ponkratov,P (2628) Sochi 2018}) 9. O-O {White wants to play e5!White is slightly better.} Nxd4 10. Qxd4 e5 11. Qd3 Be7 12. Bd2 $146 ({Predecessor:} 12. f4 Nd7 13. Nd5 Bxd5 14. exd5 O-O {0-1 (57) Morris,J (2477)-Smirnov,A (2527) Cammeray 2018}) 12... O-O 13. Rad1 Rc8 14. a4 b4 15. Nd5 Bxd5 16. exd5 a5 17. c3 $1 bxc3 18. Bxc3 Nd7 19. Qb5 Rc5 20. Qb7 Bg5 21. Be1 Qe7 22. Qa6 Nb8 23. Qb6 $1 Nd7 $36 {[%mdl 2048] Black is more active.} 24. Qa6 Nb8 {[%cal Bd7b8,Bb8a6,Ba6b4,Bb4a2][%mdl 32]} 25. Qd3 (25. Qb6 $11 {keeps the balance.}) 25... Qb7 $1 $17 26. Bc3 Na6 27. Rfe1 Nb4 28. Qf5 h6 29. Re2 Na2 ({Don't go for} 29... Nxd5 $2 30. Qd3 $18) 30. Bd2 Qb3 31. Ra1 (31. Rde1 $17) 31... g6 $19 ({Don't play} 31... Qxb2 32. Rb1) 32. Qf3 Qxf3 33. Bxf3 Bxd2 34. Rxa2 Rc1+ 35. Kg2 Bb4 36. b3 f5 37. gxf5 (37. Rec2 $17 Rc8 38. Rxc8+ Rxc8 39. Be2) 37... gxf5 ({Much less strong is} 37... Rxf5 38. Be4 $15) 38. Rac2 Rc8 $1 {[%cal Rc8c2]} 39. Rxc8+ Rxc8 {[%mdl 4096] Endgame KRB-KRB} 40. Bh5 Kg7 41. Re3 {intending Rg3+.} Kf6 (41... f4 $1 $19 {[%cal Rf4e3]} 42. Re4 Rc5) 42. Rg3 $17 e4 {aiming for ...Rc2.} 43. f4 Rc2+ 44. Kf1 Bc5 {Threatens to win with ...Rf2+.} 45. Rg6+ Ke7 46. Re6+ Kd8 47. Rxh6 Rf2+ 48. Ke1 {[#]} Rxf4 (48... Kc7 $1 $19 49. Rf6 e3) 49. Rf6 e3 50. Re6 $2 {[%mdl 8192]} (50. Ke2 $1 $15) 50... Rf2 $19 51. Be2 f4 52. Rf6 Kc7 53. h4 Bd4 54. Rf8 Be5 55. b4 $2 (55. h5) 55... Bc3+ 56. Kd1 Bxb4 $2 (56... axb4 $19 {and Black stays clearly on top.} 57. a5 b3 58. Rf7+ Kd8) 57. h5 $17 Bc3 {Strongly threatening ...Be5.} 58. h6 Be5 {...Rh2 is the strong threat.} 59. h7 (59. Rf5 $17 {was the only defense.}) 59... Rh2 $19 60. Ra8 $2 (60. h8=R Rxh8 61. Rxh8 Bxh8 62. Kc2) 60... Kb6 61. Ra6+ Kc5 62. Rxa5+ Kd4 63. Ra7 Rh1+ (63... f3 $142 64. Bxf3 Kd3 65. h8=Q Bxh8 66. Re7 Be5 67. Rh7 Rxh7 68. Be2+ Kc3 69. Bg4 Rh2 70. Be2 Rh1+ 71. Bf1 Rxf1+ 72. Ke2 Rf2+ 73. Kxe3 Bd4+ 74. Ke4 Kd2 75. a5 Be3 76. a6 Rf4#) 64. Kc2 Rh2 (64... Ke4 $19 65. Rf7 Rh3) 65. Kd1 Kc3 $2 (65... f3 {mates} 66. Bxf3 Kd3 67. Ke1 {[#]} Rh1+ $1 {[%mdl 512]} 68. Bxh1 e2 69. Kf2 Kd2 70. Kf3 e1=Q 71. Kg4 Qg1+ 72. Kf5 Qxa7 73. h8=Q Qf7+ 74. Kg5 Bxh8 75. Kh4 Ke3 76. Be4 Qg7 77. Bh1 Kf4 78. Bf3 Qg5+ 79. Kh3 Qg3#) 66. Bf3 $2 (66. Rc7+ Kd4 67. Rf7) 66... Rf2 {( -> ...Kd3)} 67. Re7 Rxf3 68. Rxe5 Kd3 {Precision: White = 39%, Black = 63%.} 0-1